Antidepresivos y moduladores del ánimo - Statistics

General Stats
  • This quiz has been taken 12 times
    0 since last reset
  • The average score is 0 of 48
Answer Stats
Característica Fármaco o clase farmacológica % Correct
Bloquea degradación enzimatica de GABA, bloquea canales ionicos Ácido valproico
0%
Útil sobretodo en profilaxis para episodios maniacos bipolares Ácido valproico
0%
Riesgo de hepatopatía y teratogenicidad Ácido valproico
0%
Tricíclico más usado
Amitriptilina
0%
No recomendado en ancianos Amitriptilina
0%
Usado para depresión resistente a tratamiento Amitriptilina
0%
Aumenta la volición (peligroso en ideación suicida) Amitriptilina
0%
Actuan significativamente tanto en SERT como en NET Antidepresivos duales
0%
Actuan en NET (80%) y SERT (20%) Antidepresivos tricíclicos
0%
Actua en DAT y NET Bupropión
0%
Coadyuvante para cesación de tabaquismo
Bupropión
0%
Baja el umbral convulsivo Bupropión
0%
Se usa en depresión con fatiga Bupropión
0%
Anticonvulsivantes estabilizadores del ánimo Carbamazepina | Lamotrigina
0%
Prolongación de QT (ISRS) Citalopram | Escitalopram
0%
Efectos adversos anticolinergicos (retención urinaria, visión borrosa, boca seca, etc.) Amitriptilina
0%
Mayor cantidad de efectos adversos por "molécula sucia" (confusión, sedación, hipotensión, etc.) Amitriptilina
0%
Usado en profilaxis de migraña Amitriptilina
0%
Muy usados para dolor neuropático crónico Duales | Duloxetina | Venfalaxina | Desvenfalaxina
0%
Necesitan vigilancia en pacientes hipertensos Duales | Duloxetina | Venfalaxina | Desvenfalaxina
0%
Son casi triales por acción indirecta de NE en DAT
Duales | Duloxetina | Venfalaxina | Desvenfalaxina
0%
Da un ejemplo de: antidepresivos duales Duloxetina | Venfalaxina | Desvenfalaxina
0%
Da un ejemplo de: inhibidores de la monoaminooxidasa (IMAOS) Fenelzina | Tranilcipromina | Moclobemida | Seleglina
0%
Da un ejemplo de: ISRS (inhibidores selectivos de la recaptación de serotonina) Fluoxetina | Sertralina | Escitalopram | Citalopram | Paroxetina
0%
Primeros antidepresivos en descubrirse
Inhibidores de la monoaminooxidasa (IMAOS)
0%
Reservados para depresiones atípicas o refractarias
Inhibidores de la monoaminooxidasa (IMAOS)
0%
Riesgo grave de crisis hipertensiva Inhibidores de la monoaminooxidasa (IMAOS)
0%
Riesgo grave de síndrome serotoninérgico
Inhibidores de la monoaminooxidasa (IMAOS)
0%
Inhiben la degradación enzimatica de monoaminas
Inhibidores de la monoaminooxidasa (IMAOS)
0%
Antidepresivos más utilizados en la práctica clínica ISRS | Fluoxetina | Sertralina | Escitalopram | Citalopram | Paroxetina
0%
Pueden ser usados "off-label" como ansiolíticos ISRS (inhibidores selectivos de la recaptación de serotonina)
0%
Actuan solo en SERT ISRS (inhibidores selectivos de la recaptación de serotonina)
0%
Riesgo elevado de exantemas cutáneos graves (síndrome de Stevens-Johnson) Lamotrigina
0%
Riesgo de diabetes ínsipida nefrogénica Litio
0%
INHIBIDOR de multiples rutas intracelulares
Litio
0%
Disminución de riesgo suicida en bipolaridad/depresión Litio
0%
Riesgo de hipotiroidismo Litio
0%
Da un ejemplo de: moduladores del afecto Litio | Ácido Valproico | Carbamazepina | Lamotrigina
0%
Aumento de peso significativo Mirtazapina
0%
Antagonista alfa-2 y de receptores 5HT2A, 5HT2C y 5HT3
Mirtazapina
0%
Se usa en depresión con pérdida de apetito Mirtazapina
0%
Se usa también para tratar acatisia Mirtazapina
0%
Se usa en depresión con insomnio Mirtazapina | Trazodona
0%
Riesgo de disfunción eréctil (inhibición de NOS) Paroxetina
0%
ISRS con acción en dopamina Sertralina
0%
ISRS más seguro cardiovascularmente Sertralina
0%
Alto riesgo de hipotensión ortostatica (no tricíclico) Trazodona
0%
Se relaciona con riesgo de priapismo Trazodona
0%
No matching quizzes found
Score Distribution
Percent of People with Each Score
Percentile by Number Answered
Your Score History
You have not taken this quiz since the last reset